UBT Library

Statistics for business and economics : (Record no. 859)

000 -LEADER
fixed length control field 00513nam a22001937a 4500
008 - FIXED-LENGTH DATA ELEMENTS--GENERAL INFORMATION
fixed length control field 150520b xxu||||| |||| 00| 0 eng d
020 ## - INTERNATIONAL STANDARD BOOK NUMBER
International Standard Book Number 0393955699
041 0# - LANGUAGE CODE
Language code of text/sound track or separate title eng
080 ## - UNIVERSAL DECIMAL CLASSIFICATION NUMBER
Universal Decimal Classification number 31
100 1# - Rafti
Rafti Mansfield, Edwin.
245 10 - TITLE STATEMENT
Title Statistics for business and economics :
Statement of responsibility, etc Edwin Mansfield.
250 ## -
-- 3rd ed.
260 ## -
-- New York :
-- Norton,
-- c1987.
300 ## -
-- 698 f.:
-- me il.;
-- 27 cm.
650 #0 -
-- Statistika
650 #0 -
-- Biznes
650 #0 -
-- Ekonomi
942 ## - ADDED ENTRY ELEMENTS (KOHA)
Source of classification or shelving scheme
Item type Books
Holdings
Withdrawn status Lost status Source of classification or shelving scheme Damaged status Not for loan Collection code Permanent location Current location Shelving location Date acquired Total Checkouts Full call number Date last seen Price effective from Koha item type
          Koleksioni i përgjithshem UBT - Lipjan UBT - Lipjan Koleksioni i përgjithshem 05/20/2015   31 MAN 05/20/2015 05/20/2015 Books
UBT Library © 2015-2024. All rights reserved University Education for Business and Technology